• 首页
  • 本馆介绍
  • 公告通知
  • 最新文献
  • 馆藏检索
  • 电子资源
  • 读者导购
  • 参考咨询
  • 我的图书馆
  • 登录
  • 详细信息显示
  • 放入我的书架
  • 预约/预借图书
  • 作者相关作品
  • 分类相关作品
  • 丛书相关作品
  • 出版社相关作品

书目信息

  • 表格格式
  • 工作单格式
  • 卡片格式
题名:
健身解剖指南
    
 
作者: 埃文斯 著 ;刘润芝 译
分册:  
出版信息: 北京   北京体育大学出版社  2009
页数: 177页
开本: 26cm
丛书名:
单 册:
中图分类: G804.4
科图分类:
主题词: 运动解剖--基本知识 , 运动解剖
电子资源:
ISBN: 978-7-81100-932-3
000 00989nam0 2200277 45
001 1130748999
005 20110310092832.76
010    @a978-7-81100-932-3@dCNY55.00
100    @a20110122e2009 em y0chiy50 ea
101 1  @achi@ceng
102    @aCN@b110000
105    @aa z 000yy
106    @ar
200 1  @a健身解剖指南@AJian Shen Jie Pou Zhi Nan@f(美)尼克·埃文斯(Nick Evans)著@F( Mei ) Ni Ke· Ai Wen Si (Nick Evans) Zhu@g刘润芝译
210    @a北京@c北京体育大学出版社@d2009
215    @a177页@c彩图@d26cm
312    @a封面英文题名:Body building anatomy
330    @a本书重点针对肩、胸、背、手臂、腿和腹部的主要肌肉群及平时难以训练到的身体部位,诠释了臃肿的身体和理想的体格之间的差异。
510 1  @aBody building anatomy@zeng
606 0  @a运动解剖@x基本知识
606 0  @a运动解剖
690    @aG804.4@v4
701  1 @a埃文斯@AAi Wen Si@g(Evans, Nick)@4著
702  0 @a刘润芝@ALiu Run Zhi@4译
801  0 @aCN@bTANGWEI@c20110310
905    @b0532027-31@dG804.4@e438@f5
    
    健身解剖指南/(美)尼克·埃文斯(Nick Evans)著/刘润芝译.-北京:北京体育大学出版社,2009
    177页:彩图;26cm
    
    
    ISBN 978-7-81100-932-3:CNY55.00
    本书重点针对肩、胸、背、手臂、腿和腹部的主要肌肉群及平时难以训练到的身体部位,诠释了臃肿的身体和理想的体格之间的差异。
●
相关链接 在E读中查询图书 在五车中查询图书 在当当中查询图书 在豆瓣中查询图书


正题名:健身解剖指南     索取号:G804.4/438         预约/预借

序号 登录号 条形码 馆藏地/架位号 状态 备注
1 0532027   205320277   第一样本阅览室/ [索取号:G804.4/438] 在馆    
2 0532028   205320286   第四借阅区/ [索取号:G804.4/438] 在馆    
3 0532029   205320295   第四借阅区/ [索取号:G804.4/438] 在馆    
4 0532030   205320302   第四借阅区/ [索取号:G804.4/438] 在馆    
5 0532031   205320311   密集书库-体育系/ [索取号:G804.4/438] 在馆    
唐山师范学院图书馆 欢迎您!
大连网信软件有限公司© 版权所有